Najlepšie skúsenosti - naše bohatstvo

Bibliographic Details
Main Author: Smolkov, V. G. (Author)
Format: Article
Language:Slovak
Subjects:

MARC

LEADER 00000nab a2200000 a 4500
001 vtls000126189
003 SK-MaSNL
005 20260303032533.0
008 220422c1982 xo 0 slo
015 |a SNBRB19rr/mm-uuuuu 
035 |a CL0136294 
040 |a SNKBUCL  |b slo  |c SNKBUCL  |e AACR2 
041 0 |a slo 
044 |a xo  |c SK 
080 |a 331.88(47+57)  |2 1981 
080 |a 331.876  |2 1981 
100 1 |a Smolkov, V. G.  |4 aut  |9 605755 
245 1 0 |a Najlepšie skúsenosti - naše bohatstvo  |c V. G. Smolkov 
650 0 7 |a odbory  |2 snkbucl  |9 2328 
650 0 7 |a socialistické súťaženie  |2 snkbucl  |9 88207 
651 7 |a Sovietsky zväz  |2 snkbucl  |9 22126 
655 7 |a články z novín a časopisov  |2 snkbucl  |9 267496 
773 0 |t Odborár  |g Roč. 36, č. 11 (1982), s. 30-31 
850 |a Slovenská národná knižnica v Martine  |a MTA001 
852 |a SNK  |b KIS3GCP 
958 |a RK 
958 |a ME 
992 |a RBX 
999 |c 1665113  |d 1667043